00595 2200217 4500001002100000005001500021035002000036007000300056008004100059020001500100082001500115084002100130100001800151245005800169250001000227260003600237300002100273500003800294650002000332990002500352INLIS00000000000291320260408040036 a0010-0426000023ta260408 g 1 ind  a9792209522 a899. 221 3 a899. 221 3 SYA l0 aSyahmedi Dean1 aLontong Sayur dalam Lembaran Fashion /cSyahmedi Dean aed. 1 aJakarta :bSyahmedi Dean,c2004 a280 hlm ;c20 cm aLontong Sayur Karya Syahmedi Dean 4aFiksi Indonesia a05188/H/SMAN2TS/2026